Online
Catalog

Crítica sobre los mejores escritores Norteamericanos / (Record no. 2944)

MARC details
000 -CABECERA
campo de control de longitud fija 02127nam a2200265 a 4500
001 - NÚMERO DE CONTROL
campo de control 000003113
005 - FECHA Y HORA DE LA ÚLTIMA TRANSACCIÓN
campo de control 20200929150331.0
008 - DATOS DE LONGITUD FIJA--INFORMACIÓN GENERAL
campo de control de longitud fija 710329s1971 ag 001 0 spa
040 ## - FUENTE DE LA CATALOGACIÓN
Centro catalogador/agencia de origen DO-SdBNP
Lengua de catalogación spa
Centro/agencia transcriptor BNPHU
041 17 - CÓDIGO DE LENGUA
Código de lengua del texto/banda sonora o título independiente spa
Código de lengua original eng
Fuente del código Código de idiomas MARC
082 ## - NÚMERO DE LA CLASIFICACIÓN DECIMAL DEWEY
Número de clasificación 810.54
-- L438c
240 00 - TÍTULO UNIFORME
Título uniforme Criticism some major American writers.
Lenguaje de la obra Español
245 00 - MENCIÓN DE TÍTULO
Título Crítica sobre los mejores escritores Norteamericanos /
Mención de responsabilidad, etc. selección de Lewis Leary; traducción de Floreal Mazía.
260 ## - PUBLICACIÓN, DISTRIBUCIÓN, ETC.
Lugar de publicación, distribución, etc. Buenos Aires :
Nombre del editor, distribuidor, etc. Asociados,
Fecha de publicación, distribución, etc. 1971.
300 ## - DESCRIPCIÓN FÍSICA
Extensión 436 p. ;
Dimensiones 20 cm.
490 1# - MENCIÓN DE SERIE
Mención de serie Dorada D
Designación de volumen o secuencia no. 1200
504 ## - NOTA DE BIBLIOGRAFÍA, ETC.
Nota de bibliografía, etc. Incluye notas al pie de las páginas
505 0# - NOTA DE CONTENIDO CON FORMATO
Nota de contenido con formato An introduction: somewhat personal, by L. Leary.--Introduction to Poe, by R. Wilbur.--The unconquered eye and the enchanted circle, by T. Tanner.--Thoreau, by F. O. Matthiessen.--Hawthorne's fiction: the light and the dark, by R. H. Fogle.--Moby-Dick: work of art, by W. E. Bezanson.--Walt Whitman: he had his nerve, by R. Jarrell.--Seeing New Englandly: from Edwards to Emerson to Dickinson, by A. J. Gelpi.--Henry James and the morality of fiction, by R. J. Reilly.--Southwestern vernacular, by J. M. Cox.--William Dean Howells and the roots of modern taste, by L. Trilling.--Outstripping the event, by L. Ziff.--Theodore Dreiser: his education and ours, by A. Kazin.--T. S. Eliot's magic, lantern, by L. Unger.--Robert Frost's theory of poetry, by L. Thompson.--The function of nostalgia, by W. Morris.--The hero and the code, by P. Young.--Introduction to ... Faulkner, by M. Cowley.--The greatest living author, by K. Shapiro.--Richard Wright's blues, by R. Ellison.--Ralph Ellison and the American comic tradition, by E. H. Rovit.--Saul Bellow, by L. A. Fiedler.--The Black boy looks at the White boy, by J. Baldwin.--Black boys and native sons, by I. Howe.
534 ## - NOTA SOBRE LA VERSIÓN ORIGINAL
Encabezamiento principal del original Título original :
Mención de título del original Criticism some major American writers.
650 #4 - PUNTO DE ACCESO ADICIONAL DE MATERIA--TÉRMINO DE MATERIA
Término de materia o nombre geográfico como elemento de entrada Literatura américana
Subdivisión general Historia y crítica
9 (RLIN) 8833
700 1# - PUNTO DE ACCESO ADICIONAL--NOMBRE DE PERSONA
Nombre de persona Leary, Lewis
9 (RLIN) 9796
700 1# - PUNTO DE ACCESO ADICIONAL--NOMBRE DE PERSONA
Nombre de persona Mazía, Floreal
Término indicativo de función/relación tr.
9 (RLIN) 9797
830 #0 - PUNTO DE ACCESO ADICIONAL DE SERIE-TÍTULO UNIFORME
Título uniforme Dorada D ;
Designación de volumen o secuencia no. 1200
9 (RLIN) 9798
910 ## - DATOS DE OPCIÓN DEL USUARIO (OCLC)
Datos de opción del usuario Catalogación original noche
Holdings
Estado de retiro Estado de pérdida Restricciones de uso No para préstamo Código de colección Localización permanente Ubicación/localización actual Ubicación en estantería Fecha de adquisición Número de inventario Total de préstamos Signatura topográfica completa Código de barras Fecha visto por última vez Precio válido a partir de Tipo de ítem Koha
    Préstamo interno   Monografías: Libros y Folletos General General En catalogación 06.07.2009 LF1   810.54 L438c 3113-10 25.06.2020 25.06.2020 Préstamo interno

Powered by Koha